[Event "DVM U20 2015"]
[Site "Osnabrück GER"]
[Date "2015.12.29"]
[Round "5"]
[White "Friedrich, Wiede"]
[Black "Kramer, Julian"]
[Result "1-0"]
[Termination "normal"]
[Board "1.1"]
[BlackTitle "FM"]
[WhiteElo "2222"]
[BlackElo "2364"]
[WhiteClock "00:09:30"]
[BlackClock "00:01:05"]
[WhiteTeam "USV Potsdam"]
[BlackTeam "Hamburger SK von 1830"]
[PlyCount "73"]
[WhiteFideId "24629537"]
[BlackFideId "12921742"]
[EventCountry "GER"]
[EventRounds "7"]
[EventType "team-swiss"]
[EventDate "2015.12.26"]

1. c4 Nf6 2. Nc3 d5 3. cxd5 Nxd5 4. Nf3 g6 5. Qb3 Nb6 6. d4 Bg7 7. e4 O-O 8.
Be3 Bg4 9. O-O-O a5 10. h3 a4 11. Qa3 Bxf3 12. gxf3 Nc6 13. d5 Ne5 14. Bc5 Bh6+
15. Kc2 Nbc4 16. Bxc4 Nxc4 17. Qb4 Nd6 18. Nxa4 Qd7 19. Nc3 Bg7 20. Kb1 f5 21.
Bd4 Bxd4 22. Qxd4 fxe4 23. fxe4 Rf4 24. h4 h6 25. Qe3 Raf8 26. Ne2 Rxe4 27.
Qxh6 Rg4 28. h5 Qf5+ 29. Ka1 g5 30. f3 Qxf3 31. Qe6+ Kh8 32. Nd4 Qg2 33. Qh6+
Kg8 34. Ne6 Rf7 35. Qg6+ Kh8 36. h6 Rh7 37. Qg7+ 1-0

[Event "DVM U20 2015"]
[Site "Osnabrück GER"]
[Date "2015.12.29"]
[Round "5"]
[White "Uksini, Bardhyl"]
[Black "Eichstaedt, Mirko"]
[Result "1/2-1/2"]
[Termination "normal"]
[Board "1.2"]
[WhiteElo "2311"]
[BlackElo "2197"]
[WhiteClock "00:31:00"]
[BlackClock "00:45:44"]
[WhiteTeam "Hamburger SK von 1830"]
[BlackTeam "USV Potsdam"]
[PlyCount "87"]
[WhiteFideId "1628313"]
[BlackFideId "24692310"]
[EventCountry "GER"]
[EventRounds "7"]
[EventType "team-swiss"]
[EventDate "2015.12.26"]

1. d4 d5 2. c4 c6 3. Nf3 Nf6 4. Nc3 dxc4 5. a4 Bf5 6. Nh4 Bc8 7. e3 e5 8. Bxc4
exd4 9. exd4 Be7 10. O-O O-O 11. Re1 Na6 12. Nf3 Nc7 13. Qb3 Nfd5 14. Ne5 Bf6
15. Ne4 Ne6 16. Bxd5 cxd5 17. Nxf6+ Qxf6 18. Be3 Rd8 19. Rac1 b6 20. a5 bxa5
21. Qb5 a6 22. Qxa5 Bb7 23. Qb6 Rab8 24. Qa7 Ba8 25. Rc2 Rb4 26. Rec1 Bb7 27.
Nc6 Bxc6 28. Rxc6 Rxb2 29. Qxa6 h6 30. h3 Qf5 31. Rd6 Rxd6 32. Qxd6 Rb1 33.
Rxb1 Qxb1+ 34. Kh2 Qe4 35. Qb8+ Kh7 36. Qe8 f5 37. g3 Ng5 38. Qxe4 Nxe4 39. h4
Kg6 40. Kg2 Kf6 41. Bf4 g5 42. Be5+ Kg6 43. hxg5 hxg5 44. Bc7 1/2-1/2

[Event "DVM U20 2015"]
[Site "Osnabrück GER"]
[Date "2015.12.29"]
[Round "5"]
[White "Cech, Tim"]
[Black "Hinrichs, Lars"]
[Result "1/2-1/2"]
[Termination "normal"]
[Board "1.3"]
[WhiteElo "1879"]
[BlackElo "2251"]
[WhiteClock "00:07:48"]
[BlackClock "00:20:20"]
[WhiteTeam "USV Potsdam"]
[BlackTeam "Hamburger SK von 1830"]
[PlyCount "74"]
[WhiteFideId "1270258"]
[BlackFideId "12921769"]
[EventCountry "GER"]
[EventRounds "7"]
[EventType "team-swiss"]
[EventDate "2015.12.26"]

1. Nf3 Nf6 2. g3 e6 3. Bg2 a6 4. O-O b5 5. Ne5 d5 6. d4 Be7 7. a4 Bb7 8. Qd3 b4
9. c3 O-O 10. cxb4 Bxb4 11. Bd2 Bd6 12. Qb3 Qc8 13. Bb4 Nbd7 14. Nd3 Bxb4 15.
Qxb4 a5 16. Qa3 Ba6 17. Nd2 Rb8 18. Rab1 Bxd3 19. Qxd3 Rb4 20. b3 c5 21. Rfc1
Rxd4 22. Qxd4 cxd4 23. Rxc8 Rxc8 24. Nf3 e5 25. Bh3 Rc7 26. b4 Rb7 27. Rc1 axb4
28. Nxe5 g6 29. Nxd7 Nxd7 30. Bxd7 Rxd7 31. Rb1 Rb7 32. a5 b3 33. a6 Ra7 34.
Rxb3 Rxa6 35. Rb4 Ra2 36. Rxd4 Rxe2 37. Rxd5 Kg7 1/2-1/2

[Event "DVM U20 2015"]
[Site "Osnabrück GER"]
[Date "2015.12.29"]
[Round "5"]
[White "Ender, Paul Marius"]
[Black "Grötzbach, Daniel"]
[Result "0-1"]
[Termination "normal"]
[Board "1.5"]
[WhiteElo "1816"]
[BlackElo "2050"]
[WhiteClock "00:14:45"]
[BlackClock "00:28:20"]
[WhiteTeam "USV Potsdam"]
[BlackTeam "Hamburger SK von 1830"]
[PlyCount "90"]
[WhiteFideId "12936545"]
[BlackFideId "24692166"]
[EventCountry "GER"]
[EventRounds "7"]
[EventType "team-swiss"]
[EventDate "2015.12.26"]

1. e4 c5 2. Nf3 d6 3. d4 cxd4 4. Nxd4 Nf6 5. Nc3 a6 6. Be3 e5 7. Nb3 Be7 8. Be2
O-O 9. O-O Qc7 10. Rc1 Nbd7 11. Qd3 b5 12. Nd5 Nxd5 13. exd5 Nb6 14. f4 Bb7 15.
Bf3 Nc4 16. fxe5 dxe5 17. Qc3 b4 18. Qe1 Nxb2 19. Be4 g6 20. Qg3 Nc4 21. Bh6
Rfd8 22. Kh1 Bf8 23. Bg5 Rd6 24. Rf2 Bxd5 25. Bd3 Bg7 26. Rcf1 a5 27. h4 a4 28.
Nc1 Re8 29. h5 Nb2 30. h6 Bh8 31. Bf6 Bxf6 32. Rxf6 Qc6 33. Rxd6 Qxd6 34. Re1
Qf6 35. Bb5 Re6 36. c3 bxc3 37. Qxc3 Qh4+ 38. Kg1 Qd4+ 39. Qxd4 exd4 40. Rxe6
fxe6 41. Kf2 Nd1+ 42. Kf1 Nc3 43. Bd7 a3 44. Ke1 Nxa2 45. Kd2 Nb4 0-1

[Event "DVM U20 2015"]
[Site "Osnabrück GER"]
[Date "2015.12.29"]
[Round "5"]
[White "Elbracht, Michael"]
[Black "Nguyen, Anh Van"]
[Result "1/2-1/2"]
[Termination "normal"]
[Board "1.6"]
[WhiteElo "2079"]
[BlackElo "1602"]
[WhiteClock "00:20:25"]
[BlackClock "00:02:27"]
[WhiteTeam "Hamburger SK von 1830"]
[BlackTeam "USV Potsdam"]
[PlyCount "81"]
[WhiteFideId "12945595"]
[BlackFideId "12908223"]
[EventCountry "GER"]
[EventRounds "7"]
[EventType "team-swiss"]
[EventDate "2015.12.26"]

1. e4 e5 2. Nf3 Nf6 3. Nxe5 d6 4. Nf3 Nxe4 5. Nc3 Nxc3 6. dxc3 Nc6 7. Be3 Be7
8. Bd3 Bg4 9. Qd2 Bxf3 10. gxf3 Qd7 11. O-O-O O-O-O 12. f4 Kb8 13. Rde1 Bf6 14.
Bb5 a6 15. Ba4 b5 16. Bb3 Na5 17. Bd5 c6 18. Bb6 cxd5 19. Bxa5 Rde8 20. Qxd5
Re6 21. Rd1 Qb7 22. Bb4 Qxd5 23. Rxd5 Kc7 24. Rd2 Be7 25. Rg1 Rg8 26. Rg3 Rh6
27. Re3 Re8 28. Kd1 Kd7 29. h3 Re6 30. Bc5 Rf6 31. Rg3 Rg8 32. Be3 Rf5 33. Rd4
Bf6 34. Rd3 Kc6 35. Ke2 g6 36. Rg1 Rh5 37. Bd4 Re8+ 38. Kd2 Bxd4 39. cxd4 d5
40. Rgg3 Re4 41. Rgf3 1/2-1/2

[Event "DVM U20 2015"]
[Site "Osnabrück GER"]
[Date "2015.12.29"]
[Round "5"]
[White "Pauly, Carlo"]
[Black "Beeck, Mats"]
[Result "1/2-1/2"]
[Termination "normal"]
[Board "2.1"]
[WhiteElo "2266"]
[BlackElo "2125"]
[WhiteClock "00:05:49"]
[BlackClock "00:02:32"]
[WhiteTeam "SG Porz"]
[BlackTeam "SK Doppelbauer Kiel"]
[PlyCount "77"]
[WhiteFideId "24673269"]
[BlackFideId "12936944"]
[EventCountry "GER"]
[EventRounds "7"]
[EventType "team-swiss"]
[EventDate "2015.12.26"]

1. d4 Nf6 2. c4 g6 3. Nc3 d5 4. cxd5 Nxd5 5. e4 Nxc3 6. bxc3 Bg7 7. Bc4 c5 8.
Ne2 Nc6 9. Be3 O-O 10. O-O Bg4 11. f3 Bd7 12. Rb1 Qc7 13. dxc5 Na5 14. Bd3 Rfd8
15. Qc2 e6 16. f4 Bf8 17. Nd4 Qxc5 18. f5 Qe7 19. fxg6 hxg6 20. e5 Bg7 21. Nf3
Bc6 22. Ng5 Be8 23. Bb5 Nc6 24. Bxc6 bxc6 25. Ne4 Bxe5 26. Bg5 Qc7 27. Qf2 f5
28. Bxd8 Bxh2+ 29. Kh1 Rxd8 30. Ng5 Bg3 31. Qe3 Bf7 32. Rbd1 Rxd1 33. Rxd1 Bf4
34. Nxe6 Bxe3 35. Nxc7 Kf8 36. Na6 Bxa2 37. Rd6 Bd5 38. Nb4 Bc5 39. Rxg6
1/2-1/2

[Event "DVM U20 2015"]
[Site "Osnabrück GER"]
[Date "2015.12.29"]
[Round "5"]
[White "Sabirov, Ramil"]
[Black "Hopson, Kevin Mike"]
[Result "0-1"]
[Termination "normal"]
[Board "2.3"]
[WhiteElo "1977"]
[BlackElo "1911"]
[WhiteClock "00:30:40"]
[BlackClock "00:08:40"]
[WhiteTeam "SG Porz"]
[BlackTeam "SK Doppelbauer Kiel"]
[PlyCount "116"]
[WhiteFideId "12900303"]
[BlackFideId "12909238"]
[EventCountry "GER"]
[EventRounds "7"]
[EventType "team-swiss"]
[EventDate "2015.12.26"]

1. d4 Nf6 2. c4 g6 3. Nc3 d5 4. Bf4 c6 5. e3 Bg7 6. Nf3 O-O 7. Rc1 Be6 8. Ng5
Qa5 9. Nxe6 fxe6 10. Bd3 c5 11. dxc5 Qxc5 12. Qe2 Qa5 13. O-O Nbd7 14. a3 e5
15. Bg3 e6 16. Bb1 Rae8 17. Rfd1 d4 18. Nb5 Bh6 19. Nd6 Re7 20. Rc2 dxe3 21.
fxe3 Qb6 22. Rc3 a5 23. Kh1 Bg7 24. Bc2 Qc6 25. b4 axb4 26. axb4 Bh6 27. e4 Nh5
28. c5 Nf4 29. Bxf4 exf4 30. Nc4 Bg7 31. Rcd3 Ne5 32. Nxe5 Bxe5 33. Rd6 Bxd6
34. Rxd6 Qc8 35. e5 Qa8 36. h3 Qa3 37. Qe4 f3 38. gxf3 Rxf3 39. Rd3 Rxh3+ 40.
Kg2 Rxd3 41. Bxd3 Qa2+ 42. Kg3 Rf7 43. Qe3 Qd5 44. b5 Rc7 45. c6 Rf7 46. Be2
bxc6 47. b6 c5 48. Bf3 Qd4 49. Qxd4 cxd4 50. b7 Rf8 51. Bc6 Kf7 52. Kf3 Ke7+
53. Ke4 Rd8 54. Kd3 h5 55. Be4 g5 56. Kc4 Kd7 57. Kxd4 Kc7+ 58. Ke3 Rf8 0-1

[Event "DVM U20 2015"]
[Site "Osnabrück GER"]
[Date "2015.12.29"]
[Round "5"]
[White "Wanner, Lukas"]
[Black "Eigemann, Frederik"]
[Result "0-1"]
[Termination "normal"]
[Board "2.4"]
[WhiteElo "2110"]
[BlackElo "2011"]
[WhiteTeam "SK Doppelbauer Kiel"]
[BlackTeam "SG Porz"]
[PlyCount "92"]
[WhiteFideId "12918148"]
[BlackFideId "24692034"]
[EventCountry "GER"]
[EventRounds "7"]
[EventType "team-swiss"]
[EventDate "2015.12.26"]

1. d4 c5 2. e3 Nf6 3. Nf3 d5 4. Nbd2 Nc6 5. b3 cxd4 6. exd4 Bg4 7. Bb2 Qc7 8.
a3 e6 9. Bd3 Bd6 10. h3 Bh5 11. O-O O-O 12. c4 Rfe8 13. c5 Bf4 14. Qc2 e5 15.
dxe5 Nxe5 16. Nxe5 Bxe5 17. b4 Ne4 18. Nb3 Bxb2 19. Qxb2 Qf4 20. Qd4 Qg5 21.
Kh1 Re6 22. Rae1 Rae8 23. Bxe4 Rxe4 24. Rxe4 Rxe4 25. Qd2 Qd8 26. Re1 Qe7 27.
Rxe4 Qxe4 28. Qe3 Kf8 29. Nd4 Qxe3 30. fxe3 Ke7 31. Nf5+ Kd7 32. Nxg7 Bg6 33.
g4 Kc6 34. Ne8 f5 35. Nf6 fxg4 36. hxg4 a5 37. Kg2 axb4 38. axb4 Kb5 39. Kf3
Kxb4 40. Nxd5+ Kxc5 41. Nc3 b5 42. Kf4 Bc2 43. Ke5 b4 44. Na2 b3 45. Nc3 b2 46.
g5 Kc4 0-1

[Event "DVM U20 2015"]
[Site "Osnabrück GER"]
[Date "2015.12.29"]
[Round "5"]
[White "Baltic, Fatih"]
[Black "Mieck, Jale"]
[Result "1-0"]
[Termination "normal"]
[Board "2.5"]
[WhiteElo "1945"]
[BlackElo "1935"]
[WhiteClock "00:20:54"]
[BlackClock "00:31:18"]
[WhiteTeam "SG Porz"]
[BlackTeam "SK Doppelbauer Kiel"]
[PlyCount "95"]
[WhiteFideId "12979090"]
[BlackFideId "12936871"]
[EventCountry "GER"]
[EventRounds "7"]
[EventType "team-swiss"]
[EventDate "2015.12.26"]

1. e4 c5 2. Nf3 d6 3. d4 cxd4 4. Nxd4 Nf6 5. Nc3 a6 6. Be3 e5 7. Nb3 Be6 8. f3
Be7 9. Qd2 O-O 10. O-O-O Nbd7 11. g4 b5 12. g5 b4 13. Ne2 Ne8 14. f4 a5 15. f5
a4 16. Nbd4 exd4 17. Nxd4 b3 18. Kb1 bxc2+ 19. Nxc2 Bb3 20. axb3 axb3 21. Na3
Ne5 22. h4 Ra4 23. Rh3 Qa8 24. Qd5 Rxa3 25. bxa3 Qxa3 26. Qd2 Qa4 27. Bd4 Nc7
28. Qb2 Rb8 29. Rc1 Nb5 30. Bxb5 Qxb5 31. Bxe5 dxe5 32. Rxb3 Qxb3 33. Rc8+ Rxc8
34. Qxb3 Bc5 35. g6 hxg6 36. fxg6 Rf8 37. Kc2 Be7 38. h5 Bc5 39. Qd5 Bd4 40.
Kd3 Bb2 41. Ke2 Bd4 42. Kf3 Kh8 43. gxf7 Kh7 44. Qe6 Bc5 45. Kg4 Bb4 46. Qg6+
Kh8 47. h6 gxh6 48. Qxh6# 1-0

[Event "DVM U20 2015"]
[Site "Osnabrück GER"]
[Date "2015.12.29"]
[Round "5"]
[White "Nahnsen, Kenneth"]
[Black "Spindler, Florian"]
[Result "0-1"]
[Termination "normal"]
[Board "2.6"]
[WhiteElo "1959"]
[BlackElo "1794"]
[WhiteClock "00:12:56"]
[BlackClock "00:04:04"]
[WhiteTeam "SK Doppelbauer Kiel"]
[BlackTeam "SG Porz"]
[PlyCount "70"]
[WhiteFideId "12957119"]
[BlackFideId "12964387"]
[EventCountry "GER"]
[EventRounds "7"]
[EventType "team-swiss"]
[EventDate "2015.12.26"]

1. e4 c5 2. c3 Nf6 3. e5 Nd5 4. d4 cxd4 5. Nf3 e6 6. cxd4 d6 7. Nc3 dxe5 8.
Nxe5 Bb4 9. Bd2 O-O 10. Bd3 Nc6 11. Nxc6 bxc6 12. O-O Bd6 13. Ne4 Nf4 14. Nxd6
Qxd6 15. Bc3 Nxd3 16. Qxd3 Rd8 17. Qe3 Ba6 18. Rfd1 Rd7 19. Rd2 Rad8 20. h3 Bb7
21. Rad1 Qd5 22. a3 Ba6 23. Bb4 Qf5 24. Rc1 Qd5 25. Rc5 Qa2 26. Rxc6 Qb1+ 27.
Kh2 Bb7 28. Rc5 Qf1 29. Qg3 g6 30. f3 Qa6 31. Qh4 Kg7 32. Ra5 Qb6 33. Rc5 Rc8
34. Rxc8 Bxc8 35. Be7 Qc7+ 0-1

[Event "DVM U20 2015"]
[Site "Osnabrück GER"]
[Date "2015.12.29"]
[Round "5"]
[White "Perestjuk, Marko"]
[Black "Peng, Xiang-Tobias"]
[Result "0-1"]
[Termination "normal"]
[Board "3.1"]
[WhiteElo "2064"]
[BlackElo "2039"]
[WhiteClock "00:00:50"]
[BlackClock "00:10:29"]
[WhiteTeam "SC Zitadelle Spandau 1977"]
[BlackTeam "Heilbronner SV"]
[PlyCount "114"]
[WhiteFideId "1270254"]
[BlackFideId "12964328"]
[EventCountry "GER"]
[EventRounds "7"]
[EventType "team-swiss"]
[EventDate "2015.12.26"]

1. e4 e6 2. d4 d5 3. Nd2 Nc6 4. Ngf3 Nf6 5. e5 Nd7 6. Nb3 a5 7. a4 Be7 8. Bb5
Na7 9. Bd3 b6 10. O-O c5 11. c4 Bb7 12. Bf4 O-O 13. Qe2 Re8 14. Rfd1 Nf8 15.
Bg3 Nc6 16. dxc5 bxc5 17. cxd5 exd5 18. Rac1 Qb6 19. Bb5 Red8 20. Bh4 Bxh4 21.
Nxh4 c4 22. Nf5 Ng6 23. Nbd4 Ncxe5 24. Qe3 Ba6 25. Nxg7 Bxb5 26. axb5 Nd3 27.
Rc2 Qf6 28. Nh5 Qe5 29. Qxe5 Ngxe5 30. Re2 Kh8 31. f4 Ng6 32. Nc6 Re8 33. Rxe8+
Rxe8 34. f5 Nh4 35. Ng3 Nxb2 36. Rxd5 Nd3 37. h3 c3 38. Nd4 Nxg2 39. b6 Ne3 40.
Rd7 Rb8 41. b7 Nc5 42. Rc7 Nxb7 43. Rxc3 Nd5 44. Rb3 Nb4 45. Ne4 Rd8 46. Nc6
Nxc6 47. Rxb7 Kg7 48. Ng5 Rd1+ 49. Kg2 Ne5 50. Rb5 Nc4 51. Kg3 a4 52. Rc5 a3
53. f6+ Kxf6 54. Ne4+ Kg7 55. Nf2 a2 56. Rxc4 a1=Q 57. Rg4+ Kf8 0-1

[Event "DVM U20 2015"]
[Site "Osnabrück GER"]
[Date "2015.12.29"]
[Round "5"]
[White "Wenninger, Patrick"]
[Black "Kuhn, Patrick"]
[Result "0-1"]
[Termination "normal"]
[Board "3.2"]
[WhiteElo "1768"]
[BlackElo "1991"]
[WhiteClock "00:28:00"]
[BlackClock "00:41:57"]
[WhiteTeam "Heilbronner SV"]
[BlackTeam "SC Zitadelle Spandau 1977"]
[PlyCount "92"]
[WhiteFideId "12927880"]
[BlackFideId "12910260"]
[EventCountry "GER"]
[EventRounds "7"]
[EventType "team-swiss"]
[EventDate "2015.12.26"]

1. d4 Nf6 2. Nf3 e6 3. c4 b6 4. a3 Bb7 5. Nc3 Be7 6. d5 O-O 7. e4 d6 8. Be2
Nbd7 9. O-O Nc5 10. Qc2 a5 11. b3 exd5 12. exd5 Re8 13. Bb2 Nfd7 14. b4 Na6 15.
Ne4 Ne5 16. Nxe5 dxe5 17. bxa5 bxa5 18. Bxe5 Nc5 19. Bf3 Bc8 20. Nxc5 Bxc5 21.
d6 Ra6 22. dxc7 Qe7 23. Bg3 Bxa3 24. Rad1 Bd6 25. Bxd6 Rxd6 26. Rxd6 Qxd6 27.
c5 Qxc7 28. c6 g6 29. h3 Bf5 30. Qa4 Rd8 31. Ra1 Rb8 32. g4 Bd3 33. Qxa5 Rb1+
34. Bd1 Rxd1+ 35. Rxd1 Qxa5 36. Rxd3 Qe1+ 37. Kg2 Qe4+ 38. Rf3 Qxc6 39. Kg3
Qd6+ 40. Kg2 Kg7 41. Re3 Qc6+ 42. Rf3 f6 43. Kg3 Qd6+ 44. Kg2 Kh6 45. Re3 Kg5
46. Re2 Kh4 0-1

[Event "DVM U20 2015"]
[Site "Osnabrück GER"]
[Date "2015.12.29"]
[Round "5"]
[White "Kostre, Margarita"]
[Black "Degenhard, Simon"]
[Result "1/2-1/2"]
[Termination "normal"]
[Board "3.3"]
[WhiteElo "1726"]
[BlackElo "1929"]
[WhiteClock "00:11:32"]
[BlackClock "00:22:09"]
[WhiteTeam "SC Zitadelle Spandau 1977"]
[BlackTeam "Heilbronner SV"]
[PlyCount "64"]
[WhiteFideId "4673344"]
[BlackFideId "12944017"]
[EventCountry "GER"]
[EventRounds "7"]
[EventType "team-swiss"]
[EventDate "2015.12.26"]

1. e4 c5 2. Nf3 e6 3. d4 cxd4 4. Nxd4 a6 5. Bc4 b5 6. Bb3 Bb7 7. Nd2 Qc7 8. O-O
Nf6 9. Re1 d6 10. c3 Nc6 11. N2f3 Ne5 12. Bc2 Be7 13. a4 Qb6 14. axb5 axb5 15.
Rxa8+ Bxa8 16. Nxe5 dxe5 17. Nxb5 O-O 18. c4 Bb4 19. Re3 Bc6 20. Nc3 Rd8 21.
Rd3 Rd4 22. Bd2 Rxd3 23. Bxd3 Bc5 24. Be1 Qxb2 25. Na4 Bxa4 26. Qxa4 Qc1 27.
Qa8+ Bf8 28. Qa5 g6 29. Qd2 Qa1 30. Qc3 Qd1 31. Qd2 Qa1 32. Qc3 Qd1 1/2-1/2

[Event "DVM U20 2015"]
[Site "Osnabrück GER"]
[Date "2015.12.29"]
[Round "5"]
[White "Mikeler, Marcel"]
[Black "Paul, Fabian"]
[Result "1-0"]
[Termination "normal"]
[Board "3.4"]
[WhiteElo "1737"]
[BlackElo "1681"]
[WhiteClock "00:25:22"]
[BlackClock "00:28:10"]
[WhiteTeam "Heilbronner SV"]
[BlackTeam "SC Zitadelle Spandau 1977"]
[PlyCount "87"]
[WhiteFideId "12927856"]
[BlackFideId "12908231"]
[EventCountry "GER"]
[EventRounds "7"]
[EventType "team-swiss"]
[EventDate "2015.12.26"]

1. d4 Nf6 2. Nf3 g6 3. c4 d5 4. cxd5 Nxd5 5. Nc3 Nxc3 6. bxc3 Bg7 7. Qb3 O-O 8.
Ba3 b6 9. e4 Bb7 10. Qc2 Nd7 11. Rd1 c6 12. Bc4 Re8 13. Qb3 e6 14. O-O Qc7 15.
Rfe1 c5 16. e5 a6 17. Bd3 Bd5 18. Qb1 Qc6 19. Be4 Bxe4 20. Rxe4 c4 21. Nd2 b5
22. Re2 Nb6 23. Ne4 Nd5 24. Qc1 a5 25. Nd6 Red8 26. Bc5 Rdb8 27. a3 Rd8 28. Rb2
Rdb8 29. Qd2 Bxe5 30. Ne4 Bf4 31. Qc2 f5 32. Nd2 e5 33. g3 Bh6 34. Rdb1 e4 35.
Nxc4 e3 36. f4 Re8 37. Ne5 Rxe5 38. fxe5 f4 39. Qe4 Rf8 40. Bxf8 Bxf8 41. Rxb5
Qxc3 42. Qxd5+ Kg7 43. Qd7+ Kh6 44. Qh3+ 1-0

[Event "DVM U20 2015"]
[Site "Osnabrück GER"]
[Date "2015.12.29"]
[Round "5"]
[White "Fuchs, Dominik"]
[Black "Wasielewski, Kim-Luca"]
[Result "1-0"]
[Termination "normal"]
[Board "3.5"]
[WhiteElo "1600"]
[BlackElo "1705"]
[WhiteClock "00:59:53"]
[BlackClock "00:55:09"]
[WhiteTeam "SC Zitadelle Spandau 1977"]
[BlackTeam "Heilbronner SV"]
[PlyCount "107"]
[WhiteFideId "1270260"]
[BlackFideId "12979503"]
[EventCountry "GER"]
[EventRounds "7"]
[EventType "team-swiss"]
[EventDate "2015.12.26"]

1. e4 d5 2. exd5 Qxd5 3. Nc3 Qd6 4. d4 Nf6 5. Nf3 a6 6. h3 Nc6 7. Be3 Bf5 8.
Bd3 Bxd3 9. Qxd3 e6 10. O-O Be7 11. Rfe1 O-O 12. Ne4 Qd7 13. c3 h6 14. Bf4 Rad8
15. Rad1 Nxe4 16. Rxe4 Bd6 17. Ne5 f5 18. Nxd7 fxe4 19. Nxf8 exd3 20. Nxe6 Bxf4
21. Nxf4 Re8 22. Kf1 Kf7 23. Rxd3 Ne7 24. Re3 Rd8 25. Ke2 g5 26. Nd3 Nd5 27.
Re5 b6 28. g3 Ne7 29. f4 Ng6 30. Re3 Kf6 31. fxg5+ Kxg5 32. Ne5 Nxe5 33. Rxe5+
Kf6 34. Ke3 Rd6 35. g4 c6 36. h4 b5 37. Ke4 Rd7 38. g5+ hxg5 39. hxg5+ Kf7 40.
Rf5+ Kg7 41. Rf6 Rc7 42. Ke5 Re7+ 43. Re6 Rc7 44. Kd6 Rc8 45. Kd7 Ra8 46. Kxc6
Kf7 47. Rf6+ Ke7 48. d5 Rb8 49. d6+ Ke8 50. d7+ Ke7 51. Rd6 Rd8 52. Kc7 a5 53.
Re6+ Kxe6 54. Kxd8 1-0

[Event "DVM U20 2015"]
[Site "Osnabrück GER"]
[Date "2015.12.29"]
[Round "5"]
[White "Ignatov, Dmitriy"]
[Black "Raulin, Kian"]
[Result "0-1"]
[Termination "normal"]
[Board "3.6"]
[WhiteElo "1719"]
[BlackElo "1732"]
[WhiteClock "00:04:19"]
[BlackClock "00:24:09"]
[WhiteTeam "Heilbronner SV"]
[BlackTeam "SC Zitadelle Spandau 1977"]
[PlyCount "86"]
[WhiteFideId "12927872"]
[BlackFideId "12912166"]
[EventCountry "GER"]
[EventRounds "7"]
[EventType "team-swiss"]
[EventDate "2015.12.26"]

1. e4 e6 2. d4 d5 3. Nc3 Nf6 4. e5 Nfd7 5. f4 c5 6. Nf3 Nc6 7. Be3 cxd4 8. Nxd4
Qb6 9. Na4 Qa5+ 10. c3 Nxd4 11. Bxd4 b5 12. b4 Qxa4 13. Qf3 a5 14. bxa5 Bc5 15.
Qe3 Bxd4 16. cxd4 Qxa5+ 17. Kf2 Nb6 18. Be2 Nc4 19. Qg3 O-O 20. Rhc1 Qa7 21.
Rd1 f6 22. Kg1 Bd7 23. Kh1 Qa3 24. Qf2 fxe5 25. dxe5 Qb2 26. Rdb1 Qd2 27. Rf1
Rxa2 28. Rxa2 Qxa2 29. Qe1 b4 30. Bd3 Qd2 31. Qg3 Ne3 32. Re1 Qxd3 33. Qxe3
Qxe3 34. Rxe3 Rxf4 35. Kg1 Kf7 36. g3 Re4 37. Rb3 Ba4 38. Rb2 b3 39. Kf2 Rxe5
40. Kf3 Re4 41. Kf2 Ke7 42. Kf3 Kd6 43. Kf2 Kc5 0-1

[Event "DVM U20 2015"]
[Site "Osnabrück GER"]
[Date "2015.12.29"]
[Round "5"]
[White "Holtel, Jasper"]
[Black "Flüchter, Gregor"]
[Result "0-1"]
[Termination "normal"]
[Board "4.1"]
[WhiteTitle "FM"]
[WhiteElo "2366"]
[BlackElo "2189"]
[WhiteTeam "SK Münster 32"]
[BlackTeam "SF Brackel 1930"]
[PlyCount "72"]
[WhiteFideId "12956376"]
[BlackFideId "12903396"]
[EventCountry "GER"]
[EventRounds "7"]
[EventType "team-swiss"]
[EventDate "2015.12.26"]

1. e4 c5 2. Nf3 Nc6 3. d4 cxd4 4. c3 Nf6 5. e5 Nd5 6. Bc4 Nb6 7. Bb3 d5 8. exd6
Qxd6 9. O-O Be6 10. Bxe6 Qxe6 11. Nxd4 Nxd4 12. Qxd4 Rd8 13. Qh4 Qe2 14. Be3
Nc4 15. Na3 Nxb2 16. Bc1 f6 17. Bxb2 Qxb2 18. Qa4+ Kf7 19. Rab1 Qxc3 20. Rxb7
a5 21. Nb5 Qb4 22. Qc2 Rd5 23. Qc6 Qc5 24. Qa6 g6 25. a4 Bh6 26. Qxa5 Rhd8 27.
Rc7 Bd2 28. Qxd2 Qxb5 29. Qh6 Qb4 30. Qxh7+ Ke6 31. Rcc1 Rg5 32. Rfe1+ Kf5 33.
f3 Qd4+ 34. Kh1 Rh5 35. Qxe7 Rxh2+ 36. Kxh2 Rh8+ 0-1

[Event "DVM U20 2015"]
[Site "Osnabrück GER"]
[Date "2015.12.29"]
[Round "5"]
[White "Reisberg, Andre"]
[Black "Quante, Lennart"]
[Result "1/2-1/2"]
[Termination "normal"]
[Board "4.2"]
[WhiteElo "1995"]
[BlackElo "2111"]
[WhiteTeam "SF Brackel 1930"]
[BlackTeam "SK Münster 32"]
[PlyCount "73"]
[WhiteFideId "1270630"]
[BlackFideId "12979627"]
[EventCountry "GER"]
[EventRounds "7"]
[EventType "team-swiss"]
[EventDate "2015.12.26"]

1. d4 Nf6 2. c4 g6 3. Nc3 d5 4. cxd5 Nxd5 5. Bd2 Nb6 6. Bf4 Bg7 7. e3 O-O 8.
Rc1 c5 9. Nf3 cxd4 10. exd4 Nc6 11. Be3 Bg4 12. Be2 Bxf3 13. Bxf3 Nxd4 14. Bxd4
Bxd4 15. Bxb7 Rb8 16. Bf3 e6 17. O-O Qf6 18. Ne4 Qg7 19. b3 Rfd8 20. Qe2 Nd5
21. g3 h5 22. Rc4 Ne7 23. Kg2 Bb6 24. Rd1 Nf5 25. Nc5 Rxd1 26. Qxd1 Rd8 27. Qc1
Rd4 28. Ne4 Rxc4 29. bxc4 Qd4 30. c5 Bc7 31. Qc3 Qxc3 32. Nxc3 Nd4 33. Bb7 Kf8
34. a4 Ke7 35. Nb5 Nxb5 36. axb5 Be5 37. Be4 1/2-1/2

[Event "DVM U20 2015"]
[Site "Osnabrück GER"]
[Date "2015.12.29"]
[Round "5"]
[White "Baumann, Stephan"]
[Black "Birnkraut, Tim"]
[Result "1-0"]
[Termination "normal"]
[Board "4.3"]
[WhiteElo "2001"]
[BlackElo "1892"]
[WhiteTeam "SK Münster 32"]
[BlackTeam "SF Brackel 1930"]
[PlyCount "106"]
[WhiteFideId "12990981"]
[BlackFideId "24609587"]
[EventCountry "GER"]
[EventRounds "7"]
[EventType "team-swiss"]
[EventDate "2015.12.26"]

1. e4 e5 2. Nf3 Nc6 3. Bb5 a6 4. Bxc6 dxc6 5. O-O f6 6. d4 exd4 7. Nxd4 c5 8.
Nb3 Qxd1 9. Rxd1 Bg4 10. f3 Be6 11. Bf4 Rd8 12. Nc3 Bd6 13. Be3 b6 14. Nd5 Ne7
15. c4 Bxd5 16. cxd5 c6 17. dxc6 Nxc6 18. Nd2 Bc7 19. Bf2 Ke7 20. Nc4 Rxd1+ 21.
Rxd1 Rd8 22. Rxd8 Kxd8 23. Be1 Kd7 24. Ne3 Be5 25. b3 Nd4 26. Bd2 Kc6 27. Nd5
b5 28. f4 Bd6 29. Kf2 b4 30. Ke3 a5 31. Kd3 Kb5 32. Be3 Nc6 33. Bc1 Nb8 34. g3
Nd7 35. Bb2 h6 36. h3 Kc6 37. Kc4 h5 38. Ba1 g5 39. Bxf6 Nxf6 40. Nxf6 gxf4 41.
gxf4 Bxf4 42. Nxh5 Be5 43. h4 Kd6 44. Kb5 Bd4 45. Ng3 Bf2 46. Nf5+ Ke5 47. h5
Kxe4 48. Nd6+ Kd5 49. Nc4 Bd4 50. h6 Ke6 51. Nxa5 Kf6 52. Nb7 Kg6 53. Nxc5 Kxh6
1-0